Terén ako kategória v urbanistickom projektovaní a jeho vyjadrenie automatizovanými systémami : Kandidátska dizertačná práca

Saved in:
Bibliographic Details
Main Author: Bánska, Helena (Author)
Other Authors: Zibrin, Pavel (Thesis advisor)
Format: Book
Published: Bratislava : Urbion - Štátny inštitút urbanizmu a územného plánovania, 1987
Subjects:
Tags: Add Tag
No Tags, Be the first to tag this record!

MARC

LEADER 00000nam a22000003a 4500
001 stu122603
005 20250513112818.9
008 060703s1987----------------------------d
040 |a STU  |b slo 
100 1 |a Bánska, Helena  |4 aut 
245 1 |a Terén ako kategória v urbanistickom projektovaní a jeho vyjadrenie automatizovanými systémami :  |b Kandidátska dizertačná práca 
260 |a Bratislava :  |b Urbion - Štátny inštitút urbanizmu a územného plánovania,  |c 1987 
300 |a 141 s. 
650 0 7 |a urbanizmus a územné plánovanie 
650 0 7 |a urbanistické navrhovanie 
650 0 7 |a terén 
650 0 7 |a vplyv krivosti terénu 
650 0 7 |a kartografické zobrazenie 
650 0 7 |a sídelné štruktúry 
650 0 7 |a ochrana krajiny 
650 0 7 |a dopravné značenie 
650 0 7 |a urbanistické štruktúry 
650 0 7 |a Opatovce 
700 1 |a Zibrin, Pavel  |4 ths 
996 |b 284AB00385  |c A*36 V  |l AAKNST  |s P  |a 0  |w stu122603_0001 
996 |b 284AU10353  |c A* 258/V  |l AAKNST  |s P  |a 0  |w stu122603_0002